嶺南尋奇 : 聽彭嘉志說故事之萬水千山
| 資料類型: | 圖書 | 書目號: | 55836 |
Leader xxxxxxxxxx 001 __ PCLIS00055836 005 __ 20220309113821.0 010 0_ |a978-986-499-072-6|b平裝|dNT$280 100 __ |a20220309d2019 d y0chiy09 e 101 0_ |achi 102 __ |atw 105 __ |aa z 000fy 200 1_ |a嶺南尋奇|e聽彭嘉志說故事之萬水千山|f彭嘉志文|g湛藍影視圖 205 __ |a初版 210 __ |a臺北市|c龍少年出版|c龍圖騰文化發行|a新北市汐止區|c聯寶國際文化總經銷|d2019.12[民108] 215 0_ |a[12], 81, [1]面|c彩圖|d23公分 225 1_ |a青少年行腳系列|vNTH004 517 1_ |a聽彭嘉志說故事之萬水千山|zchi 606 __ |2cst|a民間故事 681 __ |a539.5233|b8643 700 _1 |a彭|b嘉志|4文 712 02 |a湛藍影視|4圖 801 _0 |atw|b內湖高中|c20220309|gCCR |